| 000 | 00531nam a22001817a 4500 | ||
|---|---|---|---|
| 003 | OSt | ||
| 008 | 260323b |||||||| |||| 00| 0 eng d | ||
| 020 | _a9781836592211 | ||
| 082 |
_a636.0824 _bM87B |
||
| 100 | _aMorris, Evelyn. | ||
| 245 |
_aBasics of Animal Biotechnology / _cby Evelyn Morris |
||
| 260 |
_a.- United Kingdom _b: Chapman Press _c, 2026 |
||
| 300 | _aviii,264p. | ||
| 650 | _aTechnology (Applied Sciences) | ||
| 650 | _aAgriculture and Related Technologies | ||
| 650 | _aAnimal Biotechnology | ||
| 942 |
_2ddc _cBK |
||
| 999 |
_c49951 _d49951 |
||